Modelo de priorización de proyectos de Ti (Registro nro. 323798)

Detalles MARC
000 -ENCABEZADO
Número de control [NR] 01414nam a22003137a 4500
005 - FECHA Y HORA DE LA ÚLTIMA TRANSACCIÓN
control field 20260213144948.0
008 - DE LONGITUD FIJA DE DATOS DE ELEMENTOS - INFORMACIÓN GENERAL
Elementos de longitud fija [NR] 240125t ||||| |||| 00| 0 spa d
020 ## - NUMERO INTERNACIONAL NORMALIZADO PARA LIBROS [R]
Número Internacional Normalizado del libro [NR] 9789587942774
040 ## - FUENTE DE CATALOGACION [NR]
Agencia de catalogación original [NR] CO-BoUCM
Quien Cataloga David Moreno
Quien Clasifica David Moreno
041 ## - CODIGO DE IDIOMA [R]
Código de idioma para texto/pista de sonido o título separado [R] Español
100 1# - ASIENTO PRINCIPAL--NOMBRE PERSONAL [NR]
Nombre personal [NR] Díaz Pinzón, Beatriz Helena
Fechas asociadas con el nombre [NR] 1976
ID Autoridad 179781
245 10 - MENCION DE TITULO [NR]
Título [NR] Modelo de priorización de proyectos de Ti
Parte restante del título [NR] caso Ecopetrol
Mención de responsabilidad, etc. [NR] Beatriz Helena Diaz Pinzón... [ y otros].
260 ## - PUBLICACION, DISTRIBUCION, ETC. (PIE DE IMPRENTA) [R]
Lugar de publicación, distribución, etc. [R] Bogota, COL
Nombre del editor, distribuidor, etc. [R] Universidad Nacional de Colombia
Fecha de publicación, distribución, etc. [R] 2021
300 ## - DESCRIPCION FISICA [R]
Extensión [R] 162 Paginas
Otros detalles físicos [NR] ilustraciones (principalmente a color), diagramas
650 17 - ASIENTO SECUNDARIO DE MATERIA - TERMINO TEMATICO [R]
Término temático o nombre geográfico como elemento de entrada [NR] Empresa colombiana de petróleos (Ecopetrol)
Subdivisión general [R] Tecnología de la información
9 (RLIN) 179782
650 17 - ASIENTO SECUNDARIO DE MATERIA - TERMINO TEMATICO [R]
Término temático o nombre geográfico como elemento de entrada [NR] Proyectos de desarrollo industrial
Subdivisión general [R] Innovaciones
9 (RLIN) 179783
650 17 - ASIENTO SECUNDARIO DE MATERIA - TERMINO TEMATICO [R]
Término temático o nombre geográfico como elemento de entrada [NR] Toma de deciones
Subdivisión general [R] Evaluación de proyectos
9 (RLIN) 179784
650 17 - ASIENTO SECUNDARIO DE MATERIA - TERMINO TEMATICO [R]
Término temático o nombre geográfico como elemento de entrada [NR] Empresas
Subdivisión general [R] Inversiones
9 (RLIN) 179785
700 1# - ASIENTO SECUNDARIO - NOMBRE PERSONAL [R]
Nombre personal [NR] Rodríguez Villabona, María Teresa.
9 (RLIN) 179786
700 1# - ASIENTO SECUNDARIO - NOMBRE PERSONAL [R]
Nombre personal [NR] Calderón Espitia, Walter Helberth.
9 (RLIN) 179787
700 1# - ASIENTO SECUNDARIO - NOMBRE PERSONAL [R]
Nombre personal [NR] Cano Díaz, Alberto.
9 (RLIN) 179788
700 1# - ASIENTO SECUNDARIO - NOMBRE PERSONAL [R]
Nombre personal [NR] Malagón Carvajal, Laura Juliana.
9 (RLIN) 179789
700 1# - ASIENTO SECUNDARIO - NOMBRE PERSONAL [R]
Nombre personal [NR] Niño Quevedo, José Rubén
9 (RLIN) 179790
700 1# - ASIENTO SECUNDARIO - NOMBRE PERSONAL [R]
Nombre personal [NR] Espinoza Moreno, Juan Carlos
9 (RLIN) 179791
700 1# - ASIENTO SECUNDARIO - NOMBRE PERSONAL [R]
Nombre personal [NR] Sanabria Villamizar, Fabián Enrique
9 (RLIN) 179792
700 1# - ASIENTO SECUNDARIO - NOMBRE PERSONAL [R]
Nombre personal [NR] Peña Reyes, José Ismael
9 (RLIN) 179793
942 ## - ELEMENTOS DE ENTRADA AGREGADOS (KOHA)
Sistema de clasificación DEWEY
Tema principal Administración
Tipo de ítem principal el descrito en 300a Libro
Edición 1
Clasificación 658.404
Parte restante de la signatura top. D41m
Título oculto en OPAC No
Existencias
Signatura topográfica Código de barras Última vez visto Ejemplar Costo de reposición Price effective from Tipo de ítem Nota pública (OPAC) Perdido Sistema de clasificación Dañado No prestable Tipo de ítem específico Suprimido Ubicación habitual Ubicación actual Localización Fecha de creación Forma de adquisición
658.404 D41m 100172263 13/05/2026 Ej.1 26000.00 25/01/2024 Libro Spot de Investigación   DEWEY     Libro   Sede del emprendimiento y la innovación Sede del Emprendimiento, Innovación y Creación Research commons 25/01/2024 Donación